| 000 | 00465 a2200157 4500 | ||
|---|---|---|---|
| 999 |
_c5833 _d5833 |
||
| 020 | _a9788123908915 | ||
| 050 | _aTL 205 HEI 2004 | ||
| 100 |
_aHeitner, Joseph _eauthor |
||
| 245 |
_aAutomotive mechanics : _bPrinciples and Practices / _cJoseph Heitner |
||
| 250 | _a2nd ed. | ||
| 264 |
_aNew Delhi: _bCBS Publishers and distributors, _c2004 |
||
| 300 |
_a608p.: _bill. |
||
| 500 | _aIncludes index | ||
| 650 | _aAutomobiles | ||
| 942 |
_2lcc _cBK _e2nd ed. _h205 _iHEI _kTL |
||